| 000 | 00589nam a2200205Ia 4500 | ||
|---|---|---|---|
| 005 | 20260429112121.0 | ||
| 008 | 260429s9999||||xx |||||||||||||| ||und|| | ||
| 020 | _a9789369522996 | ||
| 041 | _aEnglish | ||
| 082 |
_a709.954 _bMAH |
||
| 100 | _aMahalakshmi, R. | ||
| 245 | 0 |
_aArt and history : _btexts, contexts and visual representations in ancient and early medieval India / _cR. Mahalakshmi |
|
| 250 | _a1st ed. | ||
| 260 |
_aNew Delhi : _bBloomsbury, _c2025. |
||
| 300 | _axlvi, 352 p.; pbk | ||
| 650 | _a History | ||
| 650 | _a Medieval India | ||
| 650 | _aArt | ||
| 942 | _cTB | ||
| 999 |
_c52442 _d52442 |
||